|
|
|
|
| LEADER |
00000nam0a2200000 4500 |
| 001 |
297126 |
| 005 |
20231102000957.0 |
| 035 |
|
|
|a (RuTPU)RU\TPU\book\322246
|
| 035 |
|
|
|a RU\TPU\book\322206
|
| 090 |
|
|
|a 297126
|
| 100 |
|
|
|a 20150605d1934 k y0rusy50 ca
|
| 101 |
1 |
|
|a rus
|c ger
|
| 102 |
|
|
|a RU
|
| 105 |
|
|
|a c z 001zy
|
| 200 |
1 |
|
|a Т. VII. Философия права
|f Г. В. Ф. Гегель
|g Коммунистическая академия, Институт философии ; ред. Домрачев ; пер. Б. Г. Столпнера
|
| 210 |
|
|
|a Москва
|a Ленинград
|c ОГИЗ
|c Соцэкгиз
|d 1934
|
| 215 |
|
|
|a XV, 380 с.
|
| 225 |
1 |
|
|a Сочинения
|
| 317 |
|
|
|5 63413507: М-133334
|a Поступила в НТБ в 1970 г. в составе книжного собрания профессора ТПИ И. Н. Бутакова
|
| 320 |
|
|
|a Указатель имен: с. 363-365
|
| 320 |
|
|
|a Предметный указатель: с. 366-378
|
| 606 |
1 |
|
|a Немецкая философия
|z 17 - 1 пол. 19 в.
|2 stltpush
|3 (RuTPU)RU\TPU\subj\45372
|9 64616
|
| 610 |
1 |
|
|a философия
|
| 610 |
1 |
|
|a 18 век
|
| 610 |
1 |
|
|a 19 век
|
| 610 |
1 |
|
|a библиотека И. Н. Бутакова
|
| 686 |
|
|
|a Ю3(4Г)5
|2 rubbk
|
| 700 |
|
1 |
|a Гегель
|b Г. В. Ф.
|c немецкий философ
|f 1770-1831
|g Георг Вильгельм Фридрих
|2 stltpush
|3 (RuTPU)RU\TPU\pers\947
|9 416
|
| 702 |
|
1 |
|a Домрачев
|b В. М.
|4 340
|
| 702 |
|
1 |
|a Столпнер
|b Б. Г.
|4 730
|
| 712 |
0 |
2 |
|a Коммунистическая академия
|b Институт философии
|c (Москва)
|c (1924-1936)
|2 stltpush
|3 (RuTPU)RU\TPU\col\18859
|
| 801 |
|
1 |
|a RU
|b 63413507
|c 20150605
|
| 801 |
|
2 |
|a RU
|b 63413507
|c 20190916
|g RCR
|
| 942 |
|
|
|c BK
|